| 000 | 00955pam a2200277 a 4500 | ||
|---|---|---|---|
| 999 |
_c1018 _d1018 |
||
| 001 | 3999736 | ||
| 003 | OSt | ||
| 005 | 20180903121928.0 | ||
| 008 | 961105s1997 pau b 000 0 eng | ||
| 010 | _a 96039600 | ||
| 020 | _a0817012605 (alk. paper) | ||
| 040 |
_aDLC _cDLC _dDLC |
||
| 050 | 0 | 0 |
_aBV4520 _b.T75 1997 |
| 082 | 0 | 0 |
_a248/.5 _221 _bT944A |
| 100 | 1 |
_aTurner, William L., _d1938- |
|
| 245 | 1 | 0 |
_aAnytime, anywhere : _bsharing faith Jesus style / _cWilliam L. Turner. |
| 260 |
_aValley Forge : _bJudson Press, _cc1997. |
||
| 300 |
_axxi, 88 p. ; _c22 cm. |
||
| 504 | _aIncludes bibliographical references. | ||
| 600 | 0 | 0 |
_aJesus Christ _xEvangelistic methods. |
| 650 | 0 | _aWitness bearing (Christianity) | |
| 650 | 0 | _aWitness bearing (Christianity) in the Bible. | |
| 906 |
_a7 _bcbc _corignew _d1 _eocip _f19 _gy-gencatlg |
||
| 942 |
_2ddc _cBK |
||